|
|
|
|
| LEADER |
00000nam0a2200000 4500 |
| 001 |
302963 |
| 005 |
20231102001545.0 |
| 035 |
|
|
|a (RuTPU)RU\TPU\book\328180
|
| 090 |
|
|
|a 302963
|
| 100 |
|
|
|a 20150828d1975 km y0rusy50 ca
|
| 101 |
0 |
|
|a rus
|
| 102 |
|
|
|a RU
|
| 105 |
|
|
|a a z 001zy
|
| 200 |
1 |
|
|a Аналоговое моделирование исполнительных ферромагнитных устройств
|f А. М. Бамдас, Ю. П. Разуваев, С. В. Шапиро
|
| 210 |
|
|
|a Москва
|c Наука
|d 1975
|
| 215 |
|
|
|a 440 с.
|c ил.
|
| 320 |
|
|
|a Библиогр.: с. 430-439.
|
| 606 |
1 |
|
|a Электромагнитные механизмы
|x Моделирование
|2 stltpush
|3 (RuTPU)RU\TPU\subj\20190
|9 45310
|
| 610 |
1 |
|
|a вычислительные машины
|
| 610 |
1 |
|
|a математические модели
|
| 610 |
1 |
|
|a дроссели
|
| 610 |
1 |
|
|a трансформаторы
|
| 610 |
1 |
|
|a умножители частоты
|
| 610 |
1 |
|
|a ферромагнитные делители
|
| 610 |
1 |
|
|a формирователи импульсов
|
| 610 |
1 |
|
|a феррорезонансные стабилизаторы
|
| 610 |
1 |
|
|a магнитно-тиристорные устройства
|
| 675 |
|
|
|a 621.318.3
|v 3
|
| 700 |
|
1 |
|a Бамдас
|b А. М.
|g Александр Маркович
|
| 701 |
|
1 |
|a Разуваев
|b Ю. П.
|g Юрий Петрович
|
| 701 |
|
1 |
|a Шапиро
|b С. В.
|g Семен Вольфович
|
| 801 |
|
1 |
|a RU
|b 63413507
|c 20150828
|
| 801 |
|
2 |
|a RU
|b 63413507
|c 20150918
|g RCR
|
| 942 |
|
|
|c BK
|